[Event "Interclubs Adultes"]
[Site "Evry"]
[Date "2008.05.31"]
[Round "10.5"]
[White "Payen, Arnaud"]
[Black "Nezar, Mustapha"]
[Result "1/2-1/2"]
[WhiteElo "2372"]
[BlackElo "2397"]
[PlyCount "52"]
[EventDate "31.??.??"]
[WhiteTeam "Gonfreville l'Orcher"]
[BlackTeam "Vandoeuvre"]

1. d4 d5 2. c4 c6 3. Nf3 Nf6 4. Qb3 dxc4 5. Qxc4 Bf5 6. g3 e6 7. Bg2 Be7 8. O-O
Nbd7 9. Nc3 O-O 10. Re1 Ne4 11. Qb3 Qb6 12. Nh4 Ndf6 13. Nxf5 exf5 14. f3 Nd6
15. Be3 Rfe8 16. Bf2 Bf8 17. h3 Qxb3 18. axb3 Nd7 19. e4 f6 20. Re2 a6 21. Rae1
fxe4 22. fxe4 Nf7 23. Rc2 Rac8 24. Rec1 Bd6 25. Na4 Rcd8 26. Nc3 Rc8 1/2-1/2

[Event "Interclubs Adultes"]
[Site "Evry"]
[Date "2008.05.31"]
[Round "10.6"]
[White "Philippe, Christophe"]
[Black "Eliet, Nicolas"]
[Result "1/2-1/2"]
[WhiteElo "2407"]
[BlackElo "2451"]
[PlyCount "66"]
[EventDate "31.??.??"]
[WhiteTeam "Vandoeuvre"]
[BlackTeam "Gonfreville l'Orcher"]

1. e4 c6 2. c4 d5 3. cxd5 cxd5 4. exd5 Qxd5 5. Nc3 Qd6 6. d4 Nf6 7. Nf3 e6 8.
Bd3 Be7 9. O-O Nc6 10. a3 O-O 11. Be3 b6 12. Qe2 Bb7 13. Rad1 Rad8 14. Bb1 Rfe8
15. Rfe1 Qb8 16. h3 g6 17. Ng5 Na5 18. Ba2 Bd5 19. Nxd5 Nxd5 20. Qf3 Rf8 21. h4
b5 22. h5 Nc4 23. Bxc4 Nxe3 24. Qxe3 bxc4 25. hxg6 hxg6 26. Nxe6 fxe6 27. Qxe6+
Rf7 28. Qxg6+ Kf8 29. Qh6+ Ke8 30. Qc6+ Kf8 31. Qh6+ Ke8 32. Qc6+ Kf8 33. Qh6+
Ke8 1/2-1/2

[Event "Interclubs Adultes"]
[Site "Evry"]
[Date "2008.05.31"]
[Round "10.7"]
[White "Vallin, Guillaume"]
[Black "Paci, Cedric"]
[Result "1-0"]
[WhiteElo "2409"]
[BlackElo "2303"]
[PlyCount "37"]
[EventDate "31.??.??"]
[WhiteTeam "Gonfreville l'Orcher"]
[BlackTeam "Vandoeuvre"]

1. e4 Nf6 2. e5 Nd5 3. d4 d6 4. c4 Nb6 5. exd6 cxd6 6. Nc3 g6 7. Nf3 Bg7 8. h3
O-O 9. Be2 Nc6 10. O-O Bf5 11. Be3 d5 12. c5 Nc4 13. Bc1 b6 14. cxb6 axb6 15.
g4 Be4 16. Bxc4 f5 17. Bb3 fxg4 18. Ne5 Nxe5 19. dxe5 1-0

[Event "Interclubs Adultes"]
[Site "Evry"]
[Date "2008.05.31"]
[Round "10.8"]
[White "Congiu, Mathilde"]
[Black "Collas, Silvia"]
[Result "0-1"]
[WhiteElo "2190"]
[BlackElo "2395"]
[PlyCount "86"]
[EventDate "31.??.??"]
[WhiteTeam "Vandoeuvre"]
[BlackTeam "Gonfreville l'Orcher"]

1. e4 c5 2. c3 Nf6 3. e5 Nd5 4. Nf3 e6 5. Bc4 Nb6 6. Bb3 d6 7. O-O Nc6 8. d4
cxd4 9. cxd4 dxe5 10. dxe5 Qxd1 11. Rxd1 Bd7 12. Nc3 Na5 13. Be3 Bb4 14. Ne4
Bc6 15. Bd2 Bxe4 16. Bxb4 Bxf3 17. gxf3 Nxb3 18. axb3 Nd5 19. Bd6 Kd7 20. Rd4
Rhc8 21. Rda4 a6 22. b4 Rc4 23. b5 Rxa4 24. Rxa4 a5 25. Kf1 b6 26. Ke2 Rc8 27.
Kd2 g6 28. Rd4 f6 29. Ba3 fxe5 30. Re4 Nf6 31. Rxe5 Rc4 32. b3 Rh4 33. Re1 Rxh2
34. Rd1 Rh5 35. Kc3+ Rd5 36. Rd4 e5 37. Rh4 Ke6 38. Kc4 Rd2 39. Rh2 h5 40. Rg2
Kf5 41. Kc3 Rd4 42. Bc1 Nd5+ 43. Kb2 Nf4 0-1

[Event "Interclubs Adultes"]
[Site "Evry"]
[Date "31.05.31"]
[Round "10.1"]
[White "Bacrot, Etienne"]
[Black "Vaisser, Anatoly"]
[Result "1/2-1/2"]
[WhiteElo "2705"]
[BlackElo "2539"]
[PlyCount "80"]
[EventDate "31.??.??"]
[WhiteTeam "Marseille Echecs"]
[BlackTeam "Strasbourg"]

1. e4 e6 2. d4 d5 3. Nc3 dxe4 4. Nxe4 Nd7 5. Nf3 Ngf6 6. Bg5 h6 7. Nxf6+ Nxf6
8. Be3 Nd5 9. Bd2 c5 10. Bb5+ Bd7 11. Bxd7+ Qxd7 12. c4 Nb6 13. Rc1 Rc8 14.
dxc5 Rxc5 15. Qe2 Be7 16. O-O O-O 17. b3 Rfc8 18. Rcd1 Qe8 19. Be3 Ra5 20. Rd3
Rd8 21. Rfd1 Rxd3 22. Rxd3 Qc6 23. h3 Qe4 24. a4 Kh7 25. Rd4 Qg6 26. Rd1 Ra6
27. Ne5 Qf5 28. Qd3 Qxd3 29. Rxd3 f6 30. Nf7 Nc8 31. c5 Rc6 32. Rd7 Bxc5 33.
Bxc5 Rxc5 34. Rxb7 Rc6 35. b4 a6 36. b5 axb5 37. axb5 Rb6 38. Rc7 Nd6 39. Nxd6
Rxd6 40. Rc1 Rb6 1/2-1/2

[Event "Interclubs Adultes"]
[Site "Evry"]
[Date "31.05.31"]
[Round "10.2"]
[White "Rozentalis, Eduardas"]
[Black "Delchev, Aleksander"]
[Result "1/2-1/2"]
[WhiteElo "2582"]
[BlackElo "2639"]
[PlyCount "43"]
[EventDate "31.??.??"]
[WhiteTeam "Strasbourg"]
[BlackTeam "Marseille Echecs"]

1. e4 c5 2. Nf3 e6 3. c3 Nf6 4. e5 Nd5 5. Bc4 d6 6. O-O dxe5 7. Nxe5 Bd6 8. d4
O-O 9. Re1 Qc7 10. Nf3 cxd4 11. Bxd5 exd5 12. Qxd4 Nc6 13. Qxd5 Bg4 14. Na3
Rad8 15. Nb5 Qa5 16. Qb3 Bxf3 17. gxf3 Bb8 18. Bg5 Rd7 19. Bh4 a6 20. Nd4 Nxd4
21. cxd4 Rxd4 22. Bg3 1/2-1/2

[Event "Interclubs Adultes"]
[Site "Evry"]
[Date "8.05.31"]
[Round "10.5"]
[White "Gozzoli, Yannick"]
[Black "Kallai, Gabor"]
[Result "1-0"]
[WhiteElo "2509"]
[BlackElo "2468"]
[PlyCount "65"]
[EventDate "31.??.??"]
[WhiteTeam "Marseille Echecs"]
[BlackTeam "Strasbourg"]

1. d4 Nf6 2. c4 e6 3. Nf3 Bb4+ 4. Bd2 c5 5. Bxb4 cxb4 6. g4 O-O 7. g5 Ne4 8.
Rg1 b6 9. Nbd2 Bb7 10. Nxe4 Bxe4 11. e3 d6 12. Nd2 Bb7 13. Bd3 Nd7 14. Bxh7+
Kxh7 15. Qh5+ Kg8 16. Rg4 Re8 17. Rf4 f5 18. O-O-O Qc7 19. Rh4 Kf8 20. Qg6 Ke7
21. Qxg7+ Kd8 22. Rh7 Qc6 23. Kb1 Rc8 24. Rc1 Rc7 25. g6 Qg2 26. Rh8 Qg5 27.
Rxe8+ Kxe8 28. Qf7+ Kd8 29. g7 Nf6 30. Qxf6+ Qxf6 31. g8=Q+ Kd7 32. Rg1 Bc8 33.
d5 1-0

[Event "Interclubs Adultes"]
[Site "Evry"]
[Date "2008.05.31"]
[Round "10.6"]
[White "Roos, Jean-Luc"]
[Black "Jedynak, Radoslaw"]
[Result "0-1"]
[WhiteElo "2326"]
[BlackElo "2515"]
[PlyCount "76"]
[EventDate "31.??.??"]
[WhiteTeam "Strasbourg"]
[BlackTeam "Marseille Echecs"]

1. d4 Nf6 2. c4 e6 3. Nf3 b6 4. g3 Ba6 5. b3 Bb7 6. Bg2 Bb4+ 7. Bd2 a5 8. O-O
O-O 9. Ne5 Bxg2 10. Kxg2 Bxd2 11. Nxd2 d6 12. Nd3 Nbd7 13. Qc2 c5 14. dxc5 bxc5
15. Rfd1 Qb6 16. Nb2 d5 17. cxd5 exd5 18. Nf3 Rac8 19. Rac1 Rfe8 20. Qd2 Qb7
21. Rc2 h6 22. Na4 Qa8 23. Kg1 d4 24. Qc1 Qa6 25. Qb2 Ne4 26. Qc1 Ndf6 27. Rf1
Qd6 28. Nb2 Nc3 29. Nc4 Qc6 30. Nfe5 Qe4 31. f3 Qd5 32. Nd3 Rxe2 33. Nb6 Qh5
34. Rf2 Rc7 35. Qf1 Ree7 36. Nc4 Nfd5 37. g4 Qg6 38. Kh1 Ne3 0-1

[Event "Interclubs Adultes"]
[Site "Evry"]
[Date "31.??.??"]
[Round "10.8"]
[White "Gras, Delphine"]
[Black "Delorme, Laurie"]
[Result "0-1"]
[WhiteElo "2011"]
[BlackElo "2140"]
[PlyCount "108"]
[EventDate "31.??.??"]
[WhiteTeam "Strasbourg"]
[BlackTeam "Marseille Echecs"]

1. e4 e5 2. Nf3 Nc6 3. Bb5 a6 4. Bxc6 dxc6 5. O-O Bd6 6. d4 exd4 7. Qxd4 f6 8.
Nbd2 Be6 9. Nc4 Bxh2+ 10. Kxh2 Qxd4 11. Nxd4 Bxc4 12. Re1 O-O-O 13. Nf5 g6 14.
Ne3 Be6 15. b3 Ne7 16. Ba3 Rde8 17. Rad1 b6 18. Bb2 Rhf8 19. f3 h5 20. Nf1 c5
21. Ng3 Nc6 22. Rd2 Ne5 23. Ne2 g5 24. Kg1 h4 25. c4 h3 26. f4 Nc6 27. f5 Bd7
28. Ng3 hxg2 29. Kxg2 Ne5 30. Rh1 Bc6 31. Re1 Rh8 32. Bxe5 Rxe5 33. Rde2 Rh4
34. Re3 Kd8 35. Rd1+ Ke7 36. Rh1 Bxe4+ 37. Nxe4 Rhxe4 38. Rh7+ Kd6 39. Rxe4
Rxe4 40. Rf7 Ke5 41. Rxc7 Kxf5 42. Rb7 Re6 43. Kf3 Kg6 44. Rb8 f5 45. Rg8+ Kf6
46. Rd8 g4+ 47. Kf4 Re4+ 48. Kg3 Re3+ 49. Kf2 f4 50. Rf8+ Ke5 51. Re8+ Kd4 52.
Rd8+ Kc3 53. Rd6 g3+ 54. Kg1 f3 0-1

[Event "Interclubs Adultes"]
[Site "Evry"]
[Date "31.05.31"]
[Round "10.2"]
[White "Magem Badals, Jordi"]
[Black "Mchedlishvili, Mikheil"]
[Result "1/2-1/2"]
[WhiteElo "2470"]
[BlackElo "2635"]
[PlyCount "40"]
[EventDate "31.??.??"]
[WhiteTeam "Noyon"]
[BlackTeam "Antibes"]

1. e4 c5 2. Ne2 d6 3. g3 Nc6 4. Bg2 g6 5. c3 Bg7 6. d4 e5 7. dxc5 dxc5 8. Qxd8+
Nxd8 9. Na3 Ne7 10. f4 O-O 11. Nc4 exf4 12. Nxf4 b6 13. Nd6 Ndc6 14. Nxc8 Raxc8
15. Be3 Rcd8 16. Ke2 Ne5 17. Rad1 Rfe8 18. Rxd8 Rxd8 19. Rd1 Rxd1 20. Kxd1 Kf8
1/2-1/2

[Event "Interclubs Adultes"]
[Site "Evry"]
[Date "2008.05.31"]
[Round "10.3"]
[White "Damljanovic, Branko"]
[Black "Marcelin, Cyril"]
[Result "1-0"]
[WhiteElo "2595"]
[BlackElo "2510"]
[PlyCount "63"]
[EventDate "31.??.??"]
[WhiteTeam "Antibes"]
[BlackTeam "Noyon"]

1. c4 e6 2. Nf3 d5 3. d4 Nf6 4. g3 dxc4 5. Bg2 Nc6 6. Qa4 Bb4+ 7. Bd2 Bd6 8.
Ne5 Bxe5 9. Bxc6+ bxc6 10. dxe5 Qd5 11. f3 Nd7 12. Nc3 Qc5 13. f4 Bb7 14. O-O-O
Nb6 15. Qc2 O-O-O 16. Ne4 Qe7 17. Be3 Rd5 18. Nc3 Ra5 19. Bf2 Nd5 20. a3 Rxa3
21. bxa3 Qxa3+ 22. Kd2 Nb4 23. Qc1 Qb3 24. Bc5 Rd8+ 25. Ke3 Nd5+ 26. Rxd5 Rxd5
27. Qa3 Rxc5 28. Qxc5 Qxc3+ 29. Kf2 Qd2 30. Rb1 c3 31. Qxa7 c2 32. Rxb7 1-0

[Event "Interclubs Adultes"]
[Site "Evry"]
[Date "31.05.31"]
[Round "10.4"]
[White "Nguyen, Chi-Minh"]
[Black "Miralles, Gilles"]
[Result "1-0"]
[WhiteElo "2414"]
[BlackElo "2490"]
[PlyCount "121"]
[EventDate "31.??.??"]
[WhiteTeam "Noyon"]
[BlackTeam "Antibes"]

1. d4 d5 2. c4 e6 3. Nc3 c5 4. e3 Nc6 5. Nf3 Nf6 6. a3 a6 7. cxd5 exd5 8. Be2
Bd6 9. dxc5 Bxc5 10. b4 Bb6 11. Bb2 O-O 12. O-O Re8 13. Rc1 Qd6 14. b5 axb5 15.
Nxb5 Qd8 16. Bxf6 gxf6 17. Nfd4 Nxd4 18. exd4 Bf5 19. Bd3 Bg6 20. h4 h5 21. Rc3
Qd7 22. Qb1 Kg7 23. Rfc1 Rac8 24. Nd6 Rxc3 25. Nxe8+ Qxe8 26. Rxc3 Bxd4 27. Rb3
b6 28. Qd1 Bc5 29. g3 Qe5 30. Bxg6 fxg6 31. Rd3 d4 32. Kg2 f5 33. Qf3 Qe4 34.
Kf1 Kf6 35. a4 Ke5 36. Qe2 Kd6 37. f3 Qa8 38. Qc2 Qd5 39. Qc1 Qa2 40. Qd1 Qh2
41. Rxd4+ Kc6 42. Rd2 Qg1+ 43. Ke2 Qxg3 44. Qb3 Qe5+ 45. Kf1 Bd6 46. Qg8 Kb7
47. Qxg6 Bc7 48. Qf7 Qa1+ 49. Kg2 Qxa4 50. Qd5+ Qc6 51. Qxf5 b5 52. Rc2 Qb6 53.
Qd5+ Kc8 54. Qf5+ Kb7 55. Rb2 Kc6 56. Qe4+ Kd7 57. Qd5+ Kc8 58. Qf5+ Kd8 59.
Rxb5 Qe3 60. Rd5+ Ke8 61. Qd7+ 1-0

[Event "Interclubs Adultes"]
[Site "Evry"]
[Date "31.05.31"]
[Round "10.5"]
[White "Santo-Roman, Marc"]
[Black "Clery, Nicolas"]
[Result "0-1"]
[WhiteElo "2395"]
[BlackElo "2379"]
[PlyCount "104"]
[EventDate "31.??.??"]
[WhiteTeam "Antibes"]
[BlackTeam "Noyon"]

1. e4 e6 2. d4 d5 3. Nc3 Nf6 4. e5 Nfd7 5. f4 c5 6. Nf3 Nc6 7. Be3 Qb6 8. Na4
Qa5+ 9. c3 b6 10. Bd2 c4 11. b4 Qa6 12. g3 f5 13. exf6 gxf6 14. Bg2 b5 15. Nc5
Nxc5 16. dxc5 Bd7 17. O-O Qa3 18. f5 O-O-O 19. Nh4 e5 20. Bxd5 Bxc5+ 21. Kh1
Bb6 22. Qc2 Ne7 23. Be4 Rhg8 24. Rad1 Qa6 25. Bh6 Bc6 26. Bxc6 Nxc6 27. Qe4 Qb7
28. Nf3 Ne7 29. Qxb7+ Kxb7 30. Nd2 Rg4 31. Kg2 Ng8 32. h3 Nxh6 33. hxg4 Nxg4
34. Nxc4 Rxd1 35. Rxd1 bxc4 36. Rd7+ Kc6 37. Rxh7 Ne3+ 38. Kf3 Nxf5 39. Rf7 Kd5
40. Rxf6 e4+ 41. Kf4 Ne7 42. Rf7 Bc7+ 43. Ke3 Bb6+ 44. Kf4 Bc7+ 45. Ke3 Bd6 46.
g4 Ke5 47. Kd2 Ke6 48. Rh7 Bf4+ 49. Ke1 Nd5 50. Rxa7 Nxc3 51. Ra8 e3 52. Re8+
Kd7 0-1

[Event "Interclubs Adultes"]
[Site "Evry"]
[Date "2008.05.31"]
[Round "10.6"]
[White "Housieaux, David"]
[Black "Acher, Mathieu"]
[Result "1-0"]
[WhiteElo "2381"]
[BlackElo "2381"]
[PlyCount "101"]
[EventDate "31.??.??"]
[WhiteTeam "Noyon"]
[BlackTeam "Antibes"]

1. Nf3 Nc6 2. d4 d5 3. c4 Bg4 4. Nc3 e6 5. cxd5 exd5 6. Bf4 Bd6 7. Bg3 h5 8. e3
h4 9. Bxd6 Qxd6 10. h3 Bh5 11. Qb3 Nge7 12. Rc1 Bxf3 13. gxf3 O-O 14. Bg2 Na5
15. Qb5 b6 16. f4 c6 17. Qd3 Rfd8 18. O-O Rac8 19. Rfd1 Nc4 20. Rc2 Qe6 21. b3
Nd6 22. Rdc1 Rd7 23. a4 Rcd8 24. b4 Ndf5 25. Nb1 Rc8 26. b5 Rdc7 27. Nc3 cxb5
28. Nxb5 Rxc2 29. Rxc2 Nd6 30. Rxc8+ Ndxc8 31. Qc2 Nd6 32. Qc7 Ne4 33. Qd8+ Kh7
34. Nc7 Qf6 35. Nxd5 Nxd5 36. Qxd5 Nd6 37. Kh2 g6 38. Qe5 Qd8 39. Qg5 Qd7 40.
Qxh4+ Kg7 41. Qg5 f5 42. Bd5 Ne8 43. Qg2 Nf6 44. Bc6 Qe7 45. Bb5 Qb4 46. Qb7+
Kh6 47. Qb8 a6 48. Bxa6 Qxa4 49. Qf8+ Kh7 50. Qf7+ Kh6 51. Qxf6 1-0

[Event "Interclubs Adultes"]
[Site "Evry"]
[Date "8.05.31"]
[Round "10.7"]
[White "Perez, Flavio"]
[Black "Van Heirzeele, Daniel"]
[Result "1/2-1/2"]
[WhiteElo "2269"]
[BlackElo "2224"]
[PlyCount "32"]
[EventDate "31.??.??"]
[WhiteTeam "Antibes"]
[BlackTeam "Noyon"]

1. e4 c5 2. Nc3 Nc6 3. g3 g6 4. d3 Bg7 5. Be3 d6 6. Bg2 Rb8 7. Qd2 b5 8. Nge2
b4 9. Nd1 Nd4 10. O-O e5 11. Nc1 Ne7 12. f4 exf4 13. Bxf4 O-O 14. c3 bxc3 15.
bxc3 Ne6 16. Bh6 d5 1/2-1/2

[Event "Interclubs Adultes"]
[Site "Evry"]
[Date "31.05.31"]
[Round "10.8"]
[White "Assad, Karine"]
[Black "Cochet, Caroline"]
[Result "1/2-1/2"]
[WhiteElo "2042"]
[BlackElo "2075"]
[PlyCount "142"]
[EventDate "31.??.??"]
[WhiteTeam "Noyon"]
[BlackTeam "Antibes"]

1. d4 d5 2. c4 e6 3. Nc3 Nf6 4. cxd5 exd5 5. Nf3 Nbd7 6. Bg5 Bb4 7. e3 c5 8.
Bd3 Qa5 9. Qc2 c4 10. Bf5 O-O 11. O-O g6 12. Bxd7 Nxd7 13. Nd2 Re8 14. h4 Bxc3
15. bxc3 Nb6 16. f3 Na4 17. Rac1 Be6 18. e4 Kg7 19. exd5 Bxd5 20. Ne4 Re6 21.
Qd2 Rc8 22. Bh6+ Kg8 23. Qg5 Qd8 24. Qxd8+ Rxd8 25. Bg5 f6 26. Bxf6 Rf8 27. Be5
b5 28. Rc2 h6 29. Rb1 a6 30. Rf1 Kf7 31. Bd6 Rd8 32. Bb4 Kg7 33. Re1 Ra8 34.
Ba5 Rae8 35. Rce2 g5 36. hxg5 hxg5 37. Ng3 Rxe2 38. Rxe2 Rxe2 39. Nxe2 Kf6 40.
Kf2 Nb2 41. Bd8+ Kg6 42. g4 Nd3+ 43. Kg3 Be6 44. Ba5 Kf6 45. f4 gxf4+ 46. Nxf4
Nxf4 47. Kxf4 Bd5 48. a3 Bc6 49. g5+ Ke6 50. g6 Kf6 51. Bd8+ Kxg6 52. Ke5 Kf7
53. Kd6 Be4 54. Kc5 Ke8 55. Ba5 Kd7 56. d5 Bf3 57. d6 Be4 58. Bc7 Bf3 59. Kb6
Bg4 60. Kxa6 Kc6 61. Ka5 Bf5 62. Kb4 Be6 63. Bd8 Bd7 64. Be7 Be6 65. Bf8 Kb6
66. Be7 Kc6 67. Ka5 Bc8 68. Bf8 Bd7 69. Kb4 Be6 70. Be7 Kb6 71. Bf8 Kc6 1/2-1/2

[Event "Interclubs Adultes"]
[Site "Evry"]
[Date "31.??.??"]
[Round "10.1"]
[White "Landenbergue, Claude"]
[Black "Ninov, Nikolai"]
[Result "1/2-1/2"]
[WhiteElo "2440"]
[BlackElo "2509"]
[PlyCount "46"]
[EventDate "31.??.??"]
[WhiteTeam "Bois-Colombes"]
[BlackTeam "Hyères"]

1. e4 c5 2. c3 d5 3. exd5 Qxd5 4. d4 Nc6 5. Nf3 Bg4 6. Be2 cxd4 7. cxd4 e6 8.
Nc3 Qa5 9. h3 Bh5 10. Be3 Nf6 11. O-O Bd6 12. a3 O-O 13. b4 Qd8 14. Qb3 Rc8 15.
Rfd1 Nd5 16. Nxd5 exd5 17. Ra2 Re8 18. Ne5 Bxe2 19. Rxe2 Bb8 20. Nf3 Qd7 21.
Rc2 a6 22. Rdc1 Rcd8 23. Qd3 f6 1/2-1/2

[Event "Interclubs Adultes"]
[Site "Evry"]
[Date "31.??.??"]
[Round "10.2"]
[White "Sulava, Nenad"]
[Black "Kozakov, Mikhail"]
[Result "1-0"]
[WhiteElo "2479"]
[BlackElo "2449"]
[PlyCount "47"]
[EventDate "31.??.??"]
[WhiteTeam "Hyères"]
[BlackTeam "Bois-Colombes"]

1. d4 Nf6 2. Nf3 g6 3. Nc3 Bg7 4. e4 d6 5. Be3 a6 6. Qd2 b5 7. Bh6 O-O 8. Bd3
Nc6 9. Bxg7 Kxg7 10. e5 dxe5 11. dxe5 Ng4 12. O-O-O b4 13. Rhe1 bxc3 14. Qxc3
Qd5 15. Be4 Qxa2 16. Bxc6 Rb8 17. e6+ f6 18. Rd4 Ne5 19. Nxe5 fxe5 20. Ra4 Qxe6
21. Rxe5 Qf6 22. Rxe7+ Kh8 23. Rf4 Bf5 24. g4 1-0

[Event "Interclubs Adultes"]
[Site "Evry"]
[Date "31.??.??"]
[Round "10.3"]
[White "Guichard, Pauline"]
[Black "Drasko, Milan"]
[Result "1/2-1/2"]
[WhiteElo "2274"]
[BlackElo "2536"]
[PlyCount "104"]
[EventDate "31.??.??"]
[WhiteTeam "Bois-Colombes"]
[BlackTeam "Hyères"]

1. d4 e6 2. c4 Nf6 3. Nf3 Bb4+ 4. Nbd2 d6 5. a3 Bxd2+ 6. Qxd2 O-O 7. e3 b6 8.
b4 Bb7 9. Bd3 Nbd7 10. O-O c5 11. Bb2 Qe7 12. Rfd1 Rfd8 13. Rac1 Rac8 14. Bb1
Nf8 15. Qc3 Ng6 16. Nd2 cxd4 17. Qxd4 e5 18. Qd3 Rc7 19. Nf1 Be4 20. Qe2 Bxb1
21. Rxb1 Qe6 22. Rbc1 Rdc8 23. Qd3 Ne8 24. Nd2 f5 25. Rc2 h6 26. Rdc1 Nf6 27.
Nf1 e4 28. Qb3 Ng4 29. Nd2 N4e5 30. Bxe5 Nxe5 31. c5 Qxb3 32. Nxb3 bxc5 33.
bxc5 g6 34. Rc3 Kf7 35. R1c2 Rc6 36. Kf1 Nd3 37. f3 dxc5 38. fxe4 fxe4 39. Nd2
Ke6 40. Nxe4 c4 41. Nd2 Ne5 42. Nf3 Rc5 43. Nxe5 Kxe5 44. Ke2 h5 45. h4 Ke6 46.
Rc1 Kf5 47. Kf3 Ke5 48. Ke2 R8c6 49. Rf1 Rf6 50. Rd1 Rd6 51. Rf1 Rf6 52. Rd1
Rd6 1/2-1/2

[Event "Interclubs Adultes"]
[Site "Evry"]
[Date "31.??.??"]
[Round "10.4"]
[White "Vincent, Stephane"]
[Black "Vuilleumier, Alexandre"]
[Result "0-1"]
[WhiteElo "2235"]
[BlackElo "2277"]
[PlyCount "106"]
[EventDate "31.??.??"]
[WhiteTeam "Hyères"]
[BlackTeam "Bois-Colombes"]

1. e4 c5 2. Nf3 d6 3. d4 cxd4 4. Qxd4 Nc6 5. Bb5 Bd7 6. Bxc6 Bxc6 7. c4 Nf6 8.
Nc3 e6 9. O-O Be7 10. b3 O-O 11. Bb2 a6 12. a4 Qb8 13. Rfe1 Rc8 14. Nd5 Bxd5
15. exd5 e5 16. Qb6 Rc5 17. a5 Rxd5 18. Qe3 Rc5 19. Ba3 Rc7 20. Rad1 Rd7 21.
Ng5 Qd8 22. Bb4 h6 23. Nh3 Rc8 24. f4 Rc6 25. Bc3 d5 26. fxe5 Bc5 27. Bd4 dxc4
28. Bxc5 Rxd1 29. b4 Rxc5 30. bxc5 Ng4 31. Qe2 Qd4+ 32. Kh1 Rxe1+ 33. Qxe1 Qxe5
34. Qxe5 Nxe5 35. Nf4 Nd3 36. c6 bxc6 37. Ne2 Nc5 38. Kg1 Nb3 39. Kf2 Nxa5 40.
Ke3 Nb3 41. Nc3 f6 42. Ne4 Kf7 43. Nd6+ Ke6 44. Nxc4 Kd5 45. Kd3 Nc5+ 46. Kc3
Ne4+ 47. Kd3 Nf2+ 48. Kc3 Ng4 49. h3 Ne5 50. Ne3+ Ke4 51. Nc2 c5 52. Na1 Ke3
53. Nb3 Nd7 0-1

[Event "Interclubs Adultes"]
[Site "Evry"]
[Date "31.??.??"]
[Round "10.5"]
[White "Chomet, Pascal"]
[Black "Garro, Pierre"]
[Result "1-0"]
[WhiteElo "2333"]
[BlackElo "2173"]
[PlyCount "61"]
[EventDate "31.??.??"]
[WhiteTeam "Bois-Colombes"]
[BlackTeam "Hyères"]

1. e4 c5 2. Nc3 Nc6 3. Nf3 Nf6 4. Bb5 Qc7 5. O-O Nd4 6. Nxd4 cxd4 7. Nd5 Nxd5
8. exd5 Qc5 9. c4 a6 10. Ba4 b5 11. cxb5 axb5 12. Bb3 Bb7 13. Qf3 d6 14. d3 h6
15. Bd2 e5 16. Rac1 Qb6 17. Qg3 g5 18. h4 Be7 19. Qh3 O-O 20. hxg5 hxg5 21. Qh6
Qd8 22. g3 Bf6 23. Kg2 Re8 24. Rh1 Bg7 25. Qh7+ Kf8 26. Rh5 f6 27. Bb4 Re7 28.
Qg6 Rf7 29. Rh7 Qe7 30. Rch1 Qe6 31. Rxg7 1-0

[Event "Interclubs Adultes"]
[Site "Evry"]
[Date "8.05.31"]
[Round "10.6"]
[White "Comte, Frederic"]
[Black "Pietrasanta, Jeremy"]
[Result "0-1"]
[WhiteElo "2190"]
[BlackElo "2280"]
[PlyCount "48"]
[EventDate "31.??.??"]
[WhiteTeam "Hyères"]
[BlackTeam "Bois-Colombes"]

1. e4 g6 2. d4 Bg7 3. Nc3 c6 4. Nf3 d6 5. Be3 Nd7 6. Be2 b5 7. a3 a6 8. O-O Bb7
9. h3 Rc8 10. Ng5 h6 11. Nxf7 Kxf7 12. f4 c5 13. e5 e6 14. d5 exd5 15. Bg4 dxe5
16. fxe5+ Ke8 17. Nxd5 Rc6 18. Nf4 Nxe5 19. Ne6 Qe7 20. Nxg7+ Qxg7 21. Bf4 Nxg4
22. Qxg4 Ne7 23. Rfe1 Qd4+ 24. Kh1 Rf8 0-1

[Event "Interclubs Adultes"]
[Site "Evry"]
[Date "31.??.??"]
[Round "10.7"]
[White "Shoker, Samy"]
[Black "Baudson, Charles"]
[Result "1-0"]
[WhiteElo "2377"]
[BlackElo "2053"]
[PlyCount "174"]
[EventDate "31.??.??"]
[WhiteTeam "Bois-Colombes"]
[BlackTeam "Hyères"]

1. g3 g6 2. Bg2 Bg7 3. c4 e5 4. Nc3 Nc6 5. Rb1 a5 6. a3 d6 7. d3 Nf6 8. Nf3 O-O
9. O-O Nh5 10. b4 axb4 11. axb4 f5 12. b5 Ne7 13. Qb3 h6 14. c5+ Kh7 15. Ba3
Rf6 16. cxd6 cxd6 17. Nd2 g5 18. Nc4 Rg6 19. b6 d5 20. Bxe7 dxc4 21. Qb4 Qe8
22. dxc4 e4 23. Nd5 Ra4 24. Qb3 Be6 25. Nc7 Qc6 26. Nxe6 Rxe6 27. Bb4 Nf6 28.
c5 Nd5 29. Ba3 Re8 30. Rfd1 Nc3 31. Rd6 Rxa3 32. Qxa3 Nb5 33. Rxb5 Qxb5 34. e3
Re5 35. Bf1 Qxc5 36. Qxc5 Rxc5 37. Rd7 Rc1 38. Rxb7 Rb1 39. Kg2 Kg6 40. Bc4 f4
41. Bd5 Rb4 42. gxf4 gxf4 43. exf4 Bd4 44. Bxe4+ Kh5 45. Rf7 Bxb6 46. Rf5+ Kg6
47. Rb5+ Rxe4 48. Rxb6+ Kh5 49. Kg3 Re3+ 50. f3 Re7 51. Rb5+ Kg6 52. Kg4 Rf7
53. h4 Ra7 54. f5+ Kg7 55. Rb4 Rc7 56. Rb6 Rc4+ 57. Kg3 Rc7 58. Rg6+ Kh7 59.
Kg4 Rc5 60. Rd6 h5+ 61. Kg5 Kg7 62. Rd7+ Kf8 63. Kg6 Rc1 64. Ra7 Rg1+ 65. Kf6
Kg8 66. Ra4 Rf1 67. Ra3 Rh1 68. Rb3 Ra1 69. Rb6 Rf1 70. Rb3 Rf2 71. Re3 Kf8 72.
Re7 Kg8 73. Rg7+ Kh8 74. Rg3 Ra2 75. Kg6 Kg8 76. Rg5 Ra7 77. f6 Rb7 78. Kxh5+
Kh8 79. Kg6 Kg8 80. Rg4 Ra7 81. Rb4 Rg7+ 82. Kf5 Ra7 83. Re4 Ra3 84. Kg6 Kf8
85. Rb4 Ra8 86. Rb7 Kg8 87. Rg7+ Kh8 1-0

[Event "Interclubs Adultes"]
[Site "Evry"]
[Date "8.05.31"]
[Round "10.8"]
[White "Martinovic, Gordana"]
[Black "Le Roy, Brice"]
[Result "0-1"]
[WhiteElo "1603"]
[BlackElo "2301"]
[PlyCount "62"]
[EventDate "31.??.??"]
[WhiteTeam "Hyères"]
[BlackTeam "Bois-Colombes"]

1. d4 Nf6 2. Nf3 e6 3. e3 b6 4. Bd3 Bb7 5. Nbd2 d5 6. c3 Nbd7 7. O-O Bd6 8. Re1
Ne4 9. Qc2 f5 10. c4 O-O 11. b3 Ndf6 12. Bb2 Ng4 13. Re2 Nxd2 14. Rxd2 dxc4 15.
Bxc4 Bxf3 16. Bxe6+ Kh8 17. gxf3 Nxh2 18. f4 Nf3+ 19. Kf1 Nxd2+ 20. Qxd2 Be7
21. Ke2 Qd6 22. Bc4 Bf6 23. Rh1 b5 24. Bd3 Qd5 25. Rh2 c6 26. Kf1 g6 27. Qe2
Rae8 28. Qd2 Rf7 29. Bb1 c5 30. Qc2 cxd4 31. exd4 Rfe7 0-1